00749nam a2200193 i 450000100060000000300090000600500170001500700030003200800410003510000370007624500980011325000240021126000730023530000470030870000250035585200320038099900170041295201260042965144ES-MaACL20230906165315.0t|040109s1960 sp ||||1| spa d1 aFrancé, Raoul Heinrich.95213613aLa maravillosa vida de los animales / cR.H. Francé ; versión española por Julio Gadez. a2ª ed., 4ª reimp. aBarcelona : bLabor, c[1960] (fTalls. Gráfs. Ibero-Américanos) aVIII, 402 p., 32 lám. : bil. ; c22 cm.1 aGadez, Julio.953195 aES-MaACLjC-18392 bR.46705 c65144d65144 00104070aATENEOMbATENEOMcGaleríad2008-01-17eSCl0oC-18392p1068254r2023-02-23 00:00:00w2023-02-23yMONOGRAFIA